[Event "Bundesliga 1920 final"]
[Site "Karlsruhe"]
[Date "2020.09.16"]
[Round "1.1"]
[White "Kamsky, Gata"]
[Black "Caruana, Fabiano"]
[Result "0-1"]
[WhiteElo "2674"]
[BlackElo "2835"]
[PlyCount "140"]
[EventDate "2020.09.16"]
[EventType "team-tourn"]
[EventRounds "7"]
[EventCountry "GER"]
[SourceTitle "EXT 2021"]
[Source "ChessBase"]
[SourceDate "2020.10.23"]
[SourceVersion "1"]
[SourceVersionDate "2020.10.23"]
[SourceQuality "1"]
[WhiteTeam "Deizisau"]
[BlackTeam "Baden-Baden"]
[WhiteTeamCountry "GER"]
[BlackTeamCountry "GER"]

1. d4 Nf6 2. Nf3 g6 3. c3 Bg7 4. Bg5 O-O 5. Nbd2 h6 6. Bh4 d6 7. e4 c5 8. d5
Nbd7 9. Bd3 Nh5 10. O-O Nf4 11. Bc2 b5 12. Rb1 Nf6 13. Re1 Qc7 14. Nf1 e5 15.
dxe6 Bxe6 16. Bg3 N6h5 17. Qd2 Nxg3 18. hxg3 Nh5 19. Bb3 c4 20. Bc2 Rfe8 21.
Rbd1 Rad8 22. Nd4 Bg4 23. Ra1 Qc5 24. Ne3 Nf6 25. a4 a6 26. axb5 axb5 27. Nxg4
Nxg4 28. Bd1 Nf6 29. Bf3 Nd7 30. Nc2 Qg5 31. Qxg5 hxg5 32. Ra5 Rb8 33. Rd1 Nf6
34. Rxd6 g4 35. e5 Rxe5 36. Bc6 Re2 37. Nd4 Re1+ 38. Kh2 Kh7 39. Ra8 Rxa8 40.
Bxa8 Rb1 41. Nxb5 Rxb2 42. Bc6 Rxf2 43. Kg1 Rc2 44. Rd4 Bh6 45. Rxc4 Be3+ 46.
Kf1 Nh5 47. Rxg4 f5 48. Rh4 Kg7 49. Rh3 Bf2 50. Rxh5 gxh5 51. Nd6 Bc5 52. Nxf5+
Kf6 53. Nh4 Rxc3 54. Be8 Kg5 55. Nf3+ Kh6 56. Bd7 Rc1+ 57. Ke2 Rc2+ 58. Kf1
Rf2+ 59. Ke1 Rxg2 60. Nh4 Rb2 61. Kf1 Rf2+ 62. Ke1 Kg5 63. Bh3 Kf6 64. Bd7 Ra2
65. Kf1 Bd6 66. g4 hxg4 67. Bxg4 Kg5 68. Nf5 Bc5 69. Bh3 Rf2+ 70. Ke1 Rh2 0-1

[Event "Bundesliga 1920 final"]
[Site "Karlsruhe"]
[Date "2020.09.17"]
[Round "2.1"]
[White "Fressinet, Laurent"]
[Black "Kamsky, Gata"]
[Result "1/2-1/2"]
[WhiteElo "2635"]
[BlackElo "2674"]
[PlyCount "60"]
[EventDate "2020.09.16"]
[EventType "team-tourn"]
[EventRounds "7"]
[EventCountry "GER"]
[SourceTitle "EXT 2021"]
[Source "ChessBase"]
[SourceDate "2020.10.23"]
[SourceVersion "1"]
[SourceVersionDate "2020.10.23"]
[SourceQuality "1"]
[WhiteTeam "Werder Bremen"]
[BlackTeam "Deizisau"]
[WhiteTeamCountry "GER"]
[BlackTeamCountry "GER"]

1. d4 d5 2. c4 c6 3. Nf3 Nf6 4. Nc3 a6 5. e3 g6 6. a4 Bg7 7. a5 O-O 8. Qb3 Ne4
9. Be2 dxc4 10. Qxc4 Nd6 11. Qb4 Bg4 12. O-O Nd7 13. Rd1 Rc8 14. Bd2 Qc7 15.
Rac1 Qb8 16. h3 Bf5 17. g4 Be4 18. Nxe4 Nxe4 19. Be1 e6 20. Bd3 Nef6 21. Bf1
Nd5 22. Qb3 f5 23. Bg2 Bf6 24. Bd2 Kh8 25. g5 Bg7 26. Re1 c5 27. Qa3 b6 28.
axb6 Qxb6 29. Ra1 Rc6 30. dxc5 Nxc5 1/2-1/2

[Event "Bundesliga 1920 final"]
[Site "Karlsruhe"]
[Date "2020.09.18"]
[Round "4.1"]
[White "Seel, Christian"]
[Black "Kamsky, Gata"]
[Result "1/2-1/2"]
[WhiteElo "2475"]
[BlackElo "2674"]
[PlyCount "59"]
[EventDate "2020.09.16"]
[EventType "team-tourn"]
[EventRounds "7"]
[EventCountry "GER"]
[SourceTitle "EXT 2021"]
[Source "ChessBase"]
[SourceDate "2020.10.23"]
[SourceVersion "1"]
[SourceVersionDate "2020.10.23"]
[SourceQuality "1"]
[WhiteTeam "Aachen"]
[BlackTeam "Deizisau"]
[WhiteTeamCountry "GER"]
[BlackTeamCountry "GER"]

1. Nf3 Nf6 2. c4 b6 3. g3 Bb7 4. Bg2 g6 5. b3 Bg7 6. Bb2 O-O 7. O-O e6 8. e3 c5
9. d4 cxd4 10. Nxd4 Bxg2 11. Kxg2 Nc6 12. Nxc6 dxc6 13. Nc3 Qxd1 14. Rfxd1 Rfd8
15. Rxd8+ Rxd8 16. Rd1 Rxd1 17. Nxd1 Nd7 18. Bxg7 Kxg7 19. f4 Kf6 20. Kf3 Ke7
21. Nc3 Nc5 22. Ke2 a5 23. e4 e5 24. Ke3 Ke6 25. Ne2 f6 26. h3 Na6 27. Nc3 Nc5
28. Ne2 Na6 29. Nc3 Nc5 30. Ne2 1/2-1/2

[Event "Bundesliga 1920 final"]
[Site "Karlsruhe"]
[Date "2020.09.19"]
[Round "6.1"]
[White "Mamedyarov, Shakhriyar"]
[Black "Kamsky, Gata"]
[Result "1-0"]
[WhiteElo "2764"]
[BlackElo "2674"]
[PlyCount "115"]
[EventDate "2020.09.16"]
[EventType "team-tourn"]
[EventRounds "7"]
[EventCountry "GER"]
[SourceTitle "EXT 2021"]
[Source "ChessBase"]
[SourceDate "2020.10.23"]
[SourceVersion "1"]
[SourceVersionDate "2020.10.23"]
[SourceQuality "1"]
[WhiteTeam "Viernheim"]
[BlackTeam "Deizisau"]
[WhiteTeamCountry "GER"]
[BlackTeamCountry "GER"]

1. d4 Nf6 2. c4 g6 3. Nc3 Bg7 4. e4 d6 5. Be2 Nc6 6. d5 Nb8 7. Nf3 c6 8. O-O
O-O 9. h3 e5 10. dxe6 Bxe6 11. Re1 d5 12. exd5 cxd5 13. Bg5 dxc4 14. Nd4 Qc8
15. Nxe6 Qxe6 16. Bf3 Qa6 17. Bxf6 Bxf6 18. Nd5 Bd8 19. h4 Nc6 20. h5 Qa5 21.
Qc1 Nb4 22. Qxc4 Nxd5 23. Bxd5 Bf6 24. b4 Qb6 25. Rad1 Rad8 26. a4 Kg7 27. Qf4
Rfe8 28. h6+ Kf8 29. Rxe8+ Rxe8 30. a5 Qd8 31. Qf3 Qe7 32. Bxb7 Be5 33. Bc6 Rd8
34. b5 Rxd1+ 35. Qxd1 Bc7 36. Qa1 Be5 37. Qd1 Bc7 38. Qa1 Be5 39. Qe1 Bd4 40.
Qd2 Qc5 41. g3 Ke7 42. Kg2 f5 43. Qg5+ Bf6 44. Qf4 Be5 45. Qd2 Bd4 46. f4 Kf6
47. Kh3 Qc4 48. Bg2 Qc5 49. Bf3 Ke7 50. Qe2+ Be3 51. Qb2 Bd4 52. Qb3 Kd6 53.
Bc6 g5 54. fxg5 a6 55. Qf7 axb5 56. Qd7+ Ke5 57. g6 Kf6 58. g7 1-0

[Event "Bundesliga 1920 final"]
[Site "Karlsruhe"]
[Date "2020.09.20"]
[Round "7.1"]
[White "Kamsky, Gata"]
[Black "L'Ami, Erwin"]
[Result "1-0"]
[WhiteElo "2674"]
[BlackElo "2620"]
[PlyCount "127"]
[EventDate "2020.09.16"]
[EventType "team-tourn"]
[EventRounds "7"]
[EventCountry "GER"]
[SourceTitle "EXT 2021"]
[Source "ChessBase"]
[SourceDate "2020.10.23"]
[SourceVersion "1"]
[SourceVersionDate "2020.10.23"]
[SourceQuality "1"]
[WhiteTeam "Deizisau"]
[BlackTeam "Solingen"]
[WhiteTeamCountry "GER"]
[BlackTeamCountry "GER"]

1. e4 e5 2. Nf3 Nc6 3. Bb5 a6 4. Ba4 Nf6 5. O-O Be7 6. Re1 b5 7. Bb3 d6 8. c3
O-O 9. d4 Bg4 10. d5 Na5 11. Bc2 c6 12. h3 Bh5 13. dxc6 Qc7 14. Nbd2 Qxc6 15.
Nf1 Rfe8 16. Ng3 Bg6 17. Nh4 Rad8 18. Ngf5 Nc4 19. a4 Bf8 20. axb5 axb5 21.
Nxg6 hxg6 22. Ne3 d5 23. exd5 Nxd5 24. Qf3 Qf6 25. Qxf6 gxf6 26. Nxc4 bxc4 27.
g3 f5 28. Ra4 Nb6 29. Ra5 e4 30. Rd1 Rxd1+ 31. Bxd1 Rc8 32. Be3 Nd7 33. Be2 Bg7
34. Bf4 Bf6 35. Rb5 Rc6 36. Kg2 Kg7 37. h4 Nb6 38. h5 Nd7 39. hxg6 Kxg6 40. Rd5
Nb6 41. Rb5 Nd7 42. f3 exf3+ 43. Kxf3 Bg5 44. Rd5 Nb6 45. Ra5 Nd7 46. Rd5 Nb6
47. Rb5 Nd7 48. Bd1 Kf6 49. Bc2 Nc5 50. Rb4 Bxf4 51. gxf4 Ne6 52. Ba4 Rc8 53.
Bd7 Rc7 54. Bb5 Rb7 55. Ke3 Ke7 56. Bxc4 Rxb4 57. cxb4 Nc7 58. Kd4 Kd6 59. Bxf7
Nb5+ 60. Kc4 Nc7 61. b5 Na8 62. Kb4 Nb6 63. Ka5 Kc7 64. Be6 1-0

[Event "Titled Tuesday intern op 22nd Sept"]
[Site "Chess.com INT"]
[Date "2020.09.22"]
[Round "1"]
[White "Kamsky, Gata"]
[Black "Vovk, Orest"]
[Result "1-0"]
[WhiteElo "2674"]
[BlackElo "2315"]
[PlyCount "79"]
[EventDate "2020.09.22"]
[EventType "swiss (blitz)"]
[EventRounds "10"]
[EventCountry "USA"]
[SourceTitle "EXT 2021"]
[Source "ChessBase"]
[SourceDate "2020.10.23"]
[SourceVersion "1"]
[SourceVersionDate "2020.10.23"]
[SourceQuality "1"]

1. d4 Nc6 2. Nf3 d6 3. Bf4 Bg4 4. Nbd2 Nf6 5. h3 Bh5 6. c3 e6 7. Qb3 Qd7 8. e3
Be7 9. Bh2 O-O 10. Be2 Na5 11. Qb5 Qxb5 12. Bxb5 a6 13. Be2 Bg6 14. O-O Ne4 15.
Rfe1 Nxd2 16. Nxd2 c5 17. dxc5 dxc5 18. a4 Rfd8 19. Nf3 Bd6 20. Ne5 f6 21. Nxg6
Bxh2+ 22. Kxh2 hxg6 23. b4 cxb4 24. cxb4 Nc6 25. b5 axb5 26. axb5 Ne7 27. Bf3
Nd5 28. h4 b6 29. Ra6 Rab8 30. Rc1 Nb4 31. Ra7 Kh8 32. Rcc7 Rg8 33. Re7 e5 34.
h5 gxh5 35. Bxh5 Kh7 36. Bf7 Rgf8 37. Be6 Kh6 38. Rxg7 Rh8 39. Bf5 Rbc8 40. f4
1-0

[Event "Titled Tuesday intern op 22nd Sept"]
[Site "Chess.com INT"]
[Date "2020.09.22"]
[Round "2"]
[White "Trent, Lawrence"]
[Black "Kamsky, Gata"]
[Result "0-1"]
[WhiteElo "2399"]
[BlackElo "2674"]
[PlyCount "70"]
[EventDate "2020.09.22"]
[EventType "swiss (blitz)"]
[EventRounds "10"]
[EventCountry "USA"]
[SourceTitle "EXT 2021"]
[Source "ChessBase"]
[SourceDate "2020.10.23"]
[SourceVersion "1"]
[SourceVersionDate "2020.10.23"]
[SourceQuality "1"]

1. d4 Nf6 2. Nc3 d5 3. Bf4 c6 4. e3 Bf5 5. f3 e6 6. g4 Bg6 7. h4 h6 8. Bd3 Bxd3
9. Qxd3 Bd6 10. Nge2 Qe7 11. O-O-O Nbd7 12. g5 Nh5 13. Bxd6 Qxd6 14. f4 O-O-O
15. Rdg1 g6 16. Na4 Ng7 17. c4 Qb4 18. Qb3 Qxb3 19. axb3 Nf5 20. Kd2 h5 21. c5
Rhg8 22. b4 f6 23. Nac3 a6 24. Ng3 Ne7 25. e4 fxg5 26. hxg5 Rgf8 27. Rf1 dxe4
28. Ngxe4 Nf5 29. Ne2 e5 30. fxe5 Nxe5 31. Kc3 Ng4 32. Rf3 Rfe8 33. N2g3 Nxd4
34. Rd3 Nb5+ 35. Kc4 Ne5+ 0-1

[Event "Titled Tuesday intern op 22nd Sept"]
[Site "Chess.com INT"]
[Date "2020.09.22"]
[Round "4"]
[White "Seul, Georg"]
[Black "Kamsky, Gata"]
[Result "0-1"]
[WhiteElo "2372"]
[BlackElo "2674"]
[PlyCount "70"]
[EventDate "2020.09.22"]
[EventType "swiss (blitz)"]
[EventRounds "10"]
[EventCountry "USA"]
[SourceTitle "EXT 2021"]
[Source "ChessBase"]
[SourceDate "2020.10.23"]
[SourceVersion "1"]
[SourceVersionDate "2020.10.23"]
[SourceQuality "1"]

1. e4 e5 2. Nc3 Nc6 3. Bc4 Nf6 4. d3 Bb4 5. Nge2 d5 6. exd5 Nxd5 7. O-O Bxc3 8.
Nxc3 Nxc3 9. bxc3 O-O 10. f4 Na5 11. Bb3 Nxb3 12. axb3 Re8 13. fxe5 Rxe5 14.
Bf4 Re6 15. Qf3 Qe7 16. Qg3 c6 17. d4 Rg6 18. Qf2 Be6 19. Bg3 a5 20. Qf4 b5 21.
Rfe1 Qd7 22. c4 bxc4 23. bxc4 Rg4 24. Rxa5 Rc8 25. Qd6 Qxd6 26. Bxd6 Rxd4 27.
c5 Rd2 28. Ra7 h5 29. Rxe6 fxe6 30. Be5 Rcd8 31. Rxg7+ Kf8 32. Rh7 R8d5 33.
Bd6+ Kg8 34. Rh6 Rxc2 35. Rxe6 Rd1+ 0-1

[Event "Titled Tuesday intern op 22nd Sept"]
[Site "Chess.com INT"]
[Date "2020.09.22"]
[Round "5"]
[White "Kamsky, Gata"]
[Black "Aldokhin, Ivan"]
[Result "1-0"]
[WhiteElo "2674"]
[BlackElo "2413"]
[PlyCount "149"]
[EventDate "2020.09.22"]
[EventType "swiss (blitz)"]
[EventRounds "10"]
[EventCountry "USA"]
[SourceTitle "EXT 2021"]
[Source "ChessBase"]
[SourceDate "2020.10.23"]
[SourceVersion "1"]
[SourceVersionDate "2020.10.23"]
[SourceQuality "1"]

1. e4 c5 2. Nc3 e6 3. Nf3 a6 4. g3 Nc6 5. Bg2 Qc7 6. O-O Nf6 7. d3 Be7 8. Ng5
h6 9. Nh3 b5 10. f4 d6 11. f5 b4 12. Na4 e5 13. Nf2 Bd7 14. b3 Nd4 15. Nb2 a5
16. Nc4 a4 17. Rb1 axb3 18. axb3 Bb5 19. Ne3 O-O 20. g4 Bc6 21. Bd2 Nh7 22. Rb2
Ra7 23. Nd5 Bxd5 24. exd5 Bg5 25. Ne4 Qe7 26. Kh1 Rfa8 27. c3 bxc3 28. Bxc3 Nf6
29. Bxd4 exd4 30. Nxf6+ Qxf6 31. b4 cxb4 32. Rxb4 Be3 33. Rb2 Qh4 34. Qf3 Ra1
35. Rbb1 Rxb1 36. Rxb1 Ra2 37. Rf1 Kh7 38. f6 g6 39. Qe4 Ra7 40. Qf3 Qg5 41.
Qg3 Qe5 42. Qxe5 dxe5 43. h4 Ra2 44. Be4 Bf4 45. h5 Ra6 46. hxg6+ fxg6 47. f7
Rf6 48. Rb1 Rxf7 49. Rb6 Rg7 50. Re6 Bg5 51. d6 Rd7 52. Bc6 Rd8 53. d7 Kg7 54.
Kg2 Kf7 55. Re8 Kg7 56. Kf3 Kf7 57. Ke4 h5 58. gxh5 gxh5 59. Kf5 Bf6 60. Re6
Bh4 61. Rh6 Ke7 62. Re6+ Kf7 63. Re8 Bf6 64. Ke4 h4 65. Kf3 Kg7 66. Kg4 Kf7 67.
Bd5+ Kg7 68. Be6 h3 69. Kxh3 e4 70. dxe4 d3 71. e5 Bg5 72. Bg4 d2 73. e6 Bf6
74. Bd1 Kg6 75. Kg4 1-0

[Event "Titled Tuesday intern op 22nd Sept"]
[Site "Chess.com INT"]
[Date "2020.09.22"]
[Round "7"]
[White "Vastrukhin, Oleg"]
[Black "Kamsky, Gata"]
[Result "1/2-1/2"]
[WhiteElo "2401"]
[BlackElo "2674"]
[PlyCount "108"]
[EventDate "2020.09.22"]
[EventType "swiss (blitz)"]
[EventRounds "10"]
[EventCountry "USA"]
[SourceTitle "EXT 2021"]
[Source "ChessBase"]
[SourceDate "2020.10.23"]
[SourceVersion "1"]
[SourceVersionDate "2020.10.23"]
[SourceQuality "1"]

1. Nf3 Nf6 2. g3 g6 3. Bg2 Bg7 4. O-O O-O 5. c4 c6 6. Nc3 d5 7. cxd5 cxd5 8. d4
e6 9. Bf4 Bd7 10. Ne5 Nc6 11. Rc1 Qe7 12. Nxc6 Bxc6 13. Be5 Rfc8 14. Qb3 Bf8
15. Rfd1 Nd7 16. Bf4 Nb6 17. h4 Qb4 18. Qxb4 Bxb4 19. Nb1 a5 20. Bf1 f6 21. g4
Kf7 22. g5 f5 23. e3 Ba4 24. b3 Bc6 25. Be2 a4 26. a3 Be7 27. b4 h6 28. Nd2
hxg5 29. hxg5 Be8 30. Nf3 Rxc1 31. Rxc1 Rc8 32. Ne5+ Kg8 33. Rxc8 Nxc8 34. Nd3
Bb5 35. Kf1 Bd6 36. Bxd6 Bxd3 37. Bxd3 Nxd6 38. b5 Kf7 39. Ke1 Ke7 40. Kd2 Kd7
41. Kc3 b6 42. Kb4 Nb7 43. Kxa4 Na5 44. Kb4 Kd6 45. a4 Nb7 46. f3 Na5 47. e4
Nb7 48. exf5 exf5 49. f4 Ke6 50. Be2 Na5 51. Bf3 Kd6 52. Be2 Ke6 53. Bd3 Kd6
54. Be2 Ke6 1/2-1/2

[Event "Titled Tuesday intern op 22nd Sept"]
[Site "Chess.com INT"]
[Date "2020.09.22"]
[Round "8"]
[White "Erigaisi, Arjun"]
[Black "Kamsky, Gata"]
[Result "1/2-1/2"]
[WhiteElo "2559"]
[BlackElo "2674"]
[PlyCount "131"]
[EventDate "2020.09.22"]
[EventType "swiss (blitz)"]
[EventRounds "10"]
[EventCountry "USA"]
[SourceTitle "EXT 2021"]
[Source "ChessBase"]
[SourceDate "2020.10.23"]
[SourceVersion "1"]
[SourceVersionDate "2020.10.23"]
[SourceQuality "1"]

1. e4 c5 2. Nf3 e6 3. d4 cxd4 4. Nxd4 a6 5. Nc3 b5 6. Bd3 Qb6 7. Nb3 Qc7 8. O-O
Bb7 9. Qe2 Ne7 10. f4 Ng6 11. Be3 Nc6 12. a3 Be7 13. Qf2 d6 14. Bb6 Qb8 15. f5
Nge5 16. fxe6 fxe6 17. Be2 h5 18. Qg3 g5 19. Be3 g4 20. Rad1 Qc7 21. Qf2 Rf8
22. Qe1 O-O-O 23. Qd2 Na5 24. Nxa5 Qxa5 25. Nd5 Qxd2 26. Nxe7+ Kd7 27. Rxd2
Kxe7 28. Bg5+ Kd7 29. Bxd8 Rxd8 30. Bd3 Ke7 31. Kf2 h4 32. Ke3 Rg8 33. g3 hxg3
34. hxg3 Rh8 35. Rf4 Rh3 36. Rg2 d5 37. b3 Rh1 38. exd5 exd5 39. Kd4 Nf3+ 40.
Kc5 Ng5 41. Re2+ Ne4+ 42. Kb6 Ba8 43. Rxg4 Rh6+ 44. Ka7 Bc6 45. Bxe4 dxe4 46.
Rgxe4+ Bxe4 47. Rxe4+ Kd6 48. Rd4+ Kc5 49. c3 Rg6 50. b4+ Kc6 51. g4 Rg8 52.
Rf4 a5 53. Rf6+ Kd5 54. Rf5+ Kc4 55. Rc5+ Kb3 56. g5 a4 57. Rxb5 Kxa3 58. Ra5
Kb3 59. b5 Rxg5 60. Ka6 a3 61. Rxa3+ Kxa3 62. b6 Kb3 63. b7 Rg8 64. Ka7 Kxc3
65. b8=Q Rxb8 66. Kxb8 1/2-1/2

[Event "Titled Tuesday intern op 22nd Sept"]
[Site "Chess.com INT"]
[Date "2020.09.22"]
[Round "9"]
[White "Kamsky, Gata"]
[Black "Acor, Corey B"]
[Result "1-0"]
[WhiteElo "2674"]
[BlackElo "2223"]
[PlyCount "49"]
[EventDate "2020.09.22"]
[EventType "swiss (blitz)"]
[EventRounds "10"]
[EventCountry "USA"]
[SourceTitle "EXT 2021"]
[Source "ChessBase"]
[SourceDate "2020.10.23"]
[SourceVersion "1"]
[SourceVersionDate "2020.10.23"]
[SourceQuality "1"]

1. e4 e5 2. Nf3 Nc6 3. Bb5 Nge7 4. Nc3 d6 5. d4 Bd7 6. dxe5 dxe5 7. O-O Ng6 8.
Be3 Be7 9. Nd5 O-O 10. c3 Bd6 11. Qc2 Nce7 12. Nxe7+ Qxe7 13. Bxd7 Qxd7 14.
Rad1 Qc6 15. Rd5 f6 16. Rfd1 a5 17. a4 Kh8 18. g3 Ne7 19. Rb5 f5 20. Nxe5 Qxe4
21. Qxe4 fxe4 22. Nc4 Nf5 23. Rxb7 Rfb8 24. Rxb8+ Rxb8 25. Rd5 1-0

[Event "Titled Tuesday intern op 22nd Sept"]
[Site "Chess.com INT"]
[Date "2020.09.22"]
[Round "10"]
[White "Svidler, Peter"]
[Black "Kamsky, Gata"]
[Result "1/2-1/2"]
[WhiteElo "2723"]
[BlackElo "2674"]
[PlyCount "83"]
[EventDate "2020.09.22"]
[EventType "swiss (blitz)"]
[EventRounds "10"]
[EventCountry "USA"]
[SourceTitle "EXT 2021"]
[Source "ChessBase"]
[SourceDate "2020.10.23"]
[SourceVersion "1"]
[SourceVersionDate "2020.10.23"]
[SourceQuality "1"]

1. e4 e5 2. Nf3 Nc6 3. Bb5 Nf6 4. d3 d6 5. h3 Bd7 6. c4 g6 7. Be3 Bg7 8. Nc3
O-O 9. O-O Nb8 10. Rc1 a6 11. Bxd7 Nbxd7 12. b4 c6 13. a4 Re8 14. Re1 Nf8 15.
Qb3 N6d7 16. Rcd1 a5 17. b5 Ne6 18. Qc2 f5 19. exf5 gxf5 20. Ne2 Qf6 21. Ng3
Qf7 22. Bc1 cxb5 23. axb5 a4 24. Ba3 Bf8 25. d4 e4 26. Nh4 Ng7 27. c5 Be7 28.
Nhxf5 Nxf5 29. Nxe4 d5 30. Nc3 Bf8 31. Qd3 Bg7 32. c6 bxc6 33. bxc6 Nb6 34. Nb5
Nc4 35. Bc5 Rxe1+ 36. Rxe1 Rc8 37. c7 Qg6 38. Qf3 Qf7 39. Qg4 Qg6 40. Qf3 Qf7
41. Qg4 Qg6 42. Qf3 1/2-1/2

[Event "Speed Chess Super Swiss"]
[Site "chess.com INT"]
[Date "2020.10.03"]
[Round "1"]
[White "Kotliar, Mark"]
[Black "Kamsky, Gata"]
[Result "0-1"]
[WhiteElo "2300"]
[BlackElo "2672"]
[PlyCount "64"]
[EventDate "2020.10.03"]
[EventType "swiss (blitz)"]
[EventRounds "15"]
[EventCountry "USA"]
[SourceTitle "EXT 2021"]
[Source "ChessBase"]
[SourceDate "2020.10.23"]
[SourceVersion "1"]
[SourceVersionDate "2020.10.23"]
[SourceQuality "1"]

1. e4 g6 2. d4 Bg7 3. c3 d6 4. Bd3 Nf6 5. Ne2 e5 6. f3 O-O 7. O-O Nc6 8. d5 Ne7
9. Ng3 c5 10. dxc6 bxc6 11. Kh1 d5 12. Be3 Qc7 13. Nd2 a5 14. Qc2 c5 15. exd5
Nfxd5 16. Bf2 Nf4 17. Be4 Rb8 18. b3 Ba6 19. c4 f5 20. Bd3 Rbd8 21. Be2 h5 22.
Bd1 Bb7 23. Ne2 Nd3 24. Bh4 e4 25. Nc3 e3 26. Ndb1 Qe5 27. Be2 Nf4 28. Re1 Rd4
29. Nb5 Nxe2 30. Bxe7 Rh4 31. h3 Rxh3+ 32. gxh3 Bxf3# 0-1

[Event "Speed Chess Super Swiss"]
[Site "chess.com INT"]
[Date "2020.10.03"]
[Round "2"]
[White "Kamsky, Gata"]
[Black "Arencibia Monduy, Antonio"]
[Result "1-0"]
[WhiteElo "2672"]
[BlackElo "2148"]
[PlyCount "66"]
[EventDate "2020.10.03"]
[EventType "swiss (blitz)"]
[EventRounds "15"]
[EventCountry "USA"]
[SourceTitle "EXT 2021"]
[Source "ChessBase"]
[SourceDate "2020.10.23"]
[SourceVersion "1"]
[SourceVersionDate "2020.10.23"]
[SourceQuality "1"]

1. d4 Nf6 2. Nf3 e6 3. Bf4 d5 4. e3 c5 5. Nbd2 Nc6 6. c3 Bd6 7. Bg3 O-O 8. Bd3
Re8 9. Ne5 Qc7 10. f4 Ne7 11. Bf2 b6 12. Qf3 Bb7 13. g4 c4 14. Bc2 b5 15. a3 a5
16. g5 Ne4 17. Nxe4 dxe4 18. Bxe4 Bxe4 19. Qxe4 Bxe5 20. fxe5 b4 21. axb4 Nd5
22. bxa5 Rxa5 23. O-O Rea8 24. Rxa5 Rxa5 25. Qf3 Ra2 26. e4 Nb6 27. d5 Rxb2 28.
dxe6 Nc8 29. Bd4 Rb7 30. Qg4 Na7 31. exf7+ Kf8 32. e6 Nc6 33. Bxg7+ Kxg7 1-0

[Event "Speed Chess Super Swiss"]
[Site "chess.com INT"]
[Date "2020.10.03"]
[Round "3"]
[White "Kamsky, Gata"]
[Black "So, Wesley"]
[Result "0-1"]
[WhiteElo "2672"]
[BlackElo "2770"]
[PlyCount "70"]
[EventDate "2020.10.03"]
[EventType "swiss (blitz)"]
[EventRounds "15"]
[EventCountry "USA"]
[SourceTitle "EXT 2021"]
[Source "ChessBase"]
[SourceDate "2020.10.23"]
[SourceVersion "1"]
[SourceVersionDate "2020.10.23"]
[SourceQuality "1"]

1. e4 c5 2. Nf3 d6 3. Nc3 a6 4. Bc4 b5 5. Bd5 Ra7 6. d3 e6 7. Bb3 Nf6 8. a3 Be7
9. O-O O-O 10. Ne2 Rc7 11. Ng3 Bb7 12. Re1 Nbd7 13. Ba2 Ne5 14. Ng5 h6 15. Nh3
Nc6 16. Nf4 d5 17. exd5 exd5 18. Nf5 Re8 19. Nxe7+ Rcxe7 20. Rxe7 Qxe7 21. Be3
Qe5 22. h3 Nd4 23. c3 Nf5 24. Bd2 d4 25. Qb3 Qc7 26. Qd1 Ne3 27. fxe3 dxe3 28.
Bxe3 Rxe3 29. Qf1 Qe5 30. Qf2 c4 31. dxc4 bxc4 32. Bxc4 Re4 33. Nd3 Qe7 34. b3
Re2 35. Qf4 Rxg2+ 0-1

[Event "Speed Chess Super Swiss"]
[Site "chess.com INT"]
[Date "2020.10.03"]
[Round "4"]
[White "Spangenberg, Hugo"]
[Black "Kamsky, Gata"]
[Result "1-0"]
[WhiteElo "2469"]
[BlackElo "2672"]
[PlyCount "95"]
[EventDate "2020.10.03"]
[EventType "swiss (blitz)"]
[EventRounds "15"]
[EventCountry "USA"]
[SourceTitle "EXT 2021"]
[Source "ChessBase"]
[SourceDate "2020.10.23"]
[SourceVersion "1"]
[SourceVersionDate "2020.10.23"]
[SourceQuality "1"]

1. e4 e5 2. Nc3 Nc6 3. Bc4 Nf6 4. d3 Bb4 5. Nf3 d5 6. exd5 Nxd5 7. O-O Bxc3 8.
bxc3 O-O 9. Ng5 Na5 10. Bxd5 Qxd5 11. c4 Qd7 12. Qh5 h6 13. Nf3 f6 14. Nh4 Qg4
15. Qxg4 Bxg4 16. f4 g5 17. fxg5 hxg5 18. Nf5 Bxf5 19. Rxf5 Nc6 20. Be3 Kg7 21.
Raf1 Rad8 22. h3 b6 23. R5f2 Nd4 24. g4 Ne6 25. Kg2 Nf4+ 26. Bxf4 exf4 27. Re1
Rfe8 28. Rfe2 Rxe2+ 29. Rxe2 Kf7 30. h4 gxh4 31. Kf3 Re8 32. Rh2 h3 33. Kxf4
Rh8 34. Kg3 Kg6 35. Rxh3 Re8 36. Rh2 Re1 37. Rd2 Ra1 38. c3 Rc1 39. Kf4 Rxc3
40. Ke4 c6 41. Kd4 Ra3 42. Rf2 Kg5 43. Ke4 Kg6 44. d4 Rc3 45. d5 Rxc4+ 46. Kd3
cxd5 47. Re2 Rxg4 48. Rf2 1-0

[Event "Speed Chess Super Swiss"]
[Site "chess.com INT"]
[Date "2020.10.03"]
[Round "6"]
[White "Kamsky, Gata"]
[Black "Michailov, Matias"]
[Result "1-0"]
[WhiteElo "2672"]
[BlackElo "2263"]
[PlyCount "81"]
[EventDate "2020.10.03"]
[EventType "swiss (blitz)"]
[EventRounds "15"]
[EventCountry "USA"]
[SourceTitle "EXT 2021"]
[Source "ChessBase"]
[SourceDate "2020.10.23"]
[SourceVersion "1"]
[SourceVersionDate "2020.10.23"]
[SourceQuality "1"]

1. d4 Nf6 2. Nf3 c5 3. c3 g6 4. Bf4 Bg7 5. e3 O-O 6. h3 d6 7. Nbd2 b6 8. Bd3
Bb7 9. O-O Nbd7 10. Bh2 a6 11. a4 Ra7 12. e4 cxd4 13. cxd4 d5 14. e5 Ne8 15. e6
fxe6 16. Ng5 Rf6 17. Be5 Nc7 18. Bxf6 exf6 19. Ngf3 e5 20. Re1 e4 21. Nxe4 dxe4
22. Bxe4 Bxe4 23. Rxe4 Nf8 24. Rc1 Nd5 25. Qe2 Re7 26. Rxe7 Qxe7 27. Qxa6 Qb4
28. Qc4 Qxc4 29. Rxc4 Ne6 30. b4 Kf7 31. a5 bxa5 32. bxa5 Ke7 33. a6 Kd7 34. a7
Nb6 35. Rb4 Na8 36. Rb8 Nec7 37. g4 f5 38. g5 h6 39. Rg8 Ne8 40. Rxg7+ Nxg7 41.
gxh6 1-0

[Event "Speed Chess Super Swiss"]
[Site "chess.com INT"]
[Date "2020.10.03"]
[Round "7"]
[White "Kamsky, Gata"]
[Black "Gurevich, Dmitry"]
[Result "1-0"]
[WhiteElo "2672"]
[BlackElo "2399"]
[PlyCount "81"]
[EventDate "2020.10.03"]
[EventType "swiss (blitz)"]
[EventRounds "15"]
[EventCountry "USA"]
[SourceTitle "EXT 2021"]
[Source "ChessBase"]
[SourceDate "2020.10.23"]
[SourceVersion "1"]
[SourceVersionDate "2020.10.23"]
[SourceQuality "1"]

1. d4 d5 2. Nf3 Nf6 3. Bf4 e6 4. e3 c5 5. c3 Nc6 6. Nbd2 Bd6 7. Bg3 O-O 8. Bd3
b6 9. Qe2 Bb7 10. Rd1 h6 11. Ne5 Qc7 12. f4 Ne7 13. Bh4 Nf5 14. Bxf6 gxf6 15.
Ng4 Kg7 16. O-O Rh8 17. Nf2 h5 18. Nf3 Rag8 19. Bxf5 exf5 20. Nh4 Bc8 21. Qd3
Qd7 22. Nh1 c4 23. Qc2 Kf8 24. Ng3 Rxg3 25. hxg3 Rg8 26. Kf2 Rg4 27. Rh1 Kg7
28. Nf3 Kg6 29. Rh4 b5 30. a3 a5 31. Rdh1 Rxh4 32. Nxh4+ Kg7 33. Qd1 Kh6 34.
Nf3 Kg7 35. Rxh5 Kf8 36. Nh4 Qb7 37. Nxf5 Bxf5 38. Rxf5 b4 39. axb4 axb4 40.
Qh5 Ke7 41. Qh8 1-0